00556 2200217 4500001002100000005001500021035002000036007000300056008004100059020001800100082000800118084001400126100002500140245005600165250001000221260003700231300003500268650001300303990001100316990001100327INLIS00000000000121220180110123635 a0010-0118000030ta180110 g 0 ind  a979-002-387-1 a616 a616 DER t0 aDermawan, Rahmansyah1 aTanya Jawab Flu Babi, Flu SIngapura dan Flu Brurung aCet.2 aJakarta :bPenebarSwadaya,c2016 a108hlm :bIlus ;c11,5 x 15 cm aPenyakit a5620 a a5620 b